000 00772nam a2200253 a 4500
001 BRL_1558
005 20190320211248.0
008 060314s----1975nyuab#####---#000-0#eng-#
041 _aeng
044 _anyu
050 4 _aNK8862
_b.S3 1975
245 1 0 _aPatterns
_cLaurie Henry and Julia Rumbough.
260 _aNew York
_bThe Student Publication of the School of Design
_c1975
300 _a117 p.
_bil., mapas
_c20 cm.
440 0 _aThe Student Publication of the School of Design
_v24
_927273
500 _aAu1663
504 _aBibliografía: p. 111-116
650 1 4 _aPatrones
_xTejido a mano
_927274
650 1 4 _aPatrones
_xTejeduria
_927275
700 1 _aHenry, Laurie
_eed.
_927276
700 1 _aRumbough, Julia
_eed.
_927277
902 _aGRL
942 _2lcc
_cB
999 _c10367
_d10367